Best NBA Players of the 2000s - Statistics

General Stats
  • This quiz has been taken 144 times
  • The average score is 16 of 20
Answer Stats
# Answer Team % Correct
1 Kobe Bryant Los Angeles Lakers
98%
6 LeBron James Cleveland Cavaliers
98%
2 Tim Duncan San Antonio Spurs
95%
11 Dirk Nowitzki Dallas Mavericks
94%
3 Shaquille O'Neal Lakers, Heat, Suns, Cavaliers, Celtics
94%
8 Dwyane Wade Miami Heat
92%
5 Allen Iverson Philadelphia 76ers
89%
9 Paul Pierce Boston Celtics
88%
16 Tony Parker San Antonio Spurs
88%
7 Steve Nash Phoenix Suns, Los Angeles Lakers
87%
15 Jason Kidd New Jersey Nets, Dallas Mavericks
86%
12 Ray Allen Bucks, Supersonics, Celtics
84%
13 Carmelo Anthony New York Knicks
83%
18 Manu Ginobili San Antonio Spurs
83%
17 Vince Carter Toronto Raptors, New Jersey Nets
77%
19 Tracy McGrady Orlando Magic, Houston Rockets
75%
10 Chris Paul Hornets, Clippers, Rockets
72%
20 Yao Ming Houston Rockets
67%
4 Michael Jordan Washington Wizards
62%
14 Derrick Rose New York Knicks
21%
No matching quizzes found
Score Distribution
Percent of People with Each Score
Percentile by Number Answered
Your Score History
You have not taken this quiz